| 000 | 01039cam a2200277 i 4500 | ||
|---|---|---|---|
| 003 | SA-RiAUC | ||
| 005 | 20240927181607.0 | ||
| 008 | 240925s1955 ua g 00000cara c | ||
| 040 |
_aSA-JeALM _bara _cSA-RiAUC _erda |
||
| 082 | 0 | 4 |
_a922.1 _qSA-RiAUC |
| 090 |
_a922.1 _bم ح ب |
||
| 100 | 1 |
_aمحب الدين الخطيب، محب الدين بن محمد بن عبد القادر، _d1886-1969 _eمؤلف. |
|
| 245 | 1 | 0 |
_aمع الرعيل الأول / _cمحب الدين الخطيب. |
| 250 | _aالطبعة الأولى. | ||
| 264 | 1 |
_aبيروت : _bمكتبة أسامة بن زيد، |
|
| 300 |
_a269 صفحة ؛ _c23 سم |
||
| 336 |
_aنص _btxt _2rdacontent _3كتاب |
||
| 337 |
_aبدون وسيط _bn _2rdamedia |
||
| 338 |
_aمجلد _bnc _2rdacarrier |
||
| 650 | 7 |
_aالمسلمون _vتراجم _2aucsh |
|
| 650 | 7 |
_aالتاريخ الإسلامي _2aucsh |
|
| 650 | 7 |
_aالسيرة النبوية _2aucsh |
|
| 942 |
_2ddc _cBOOK _n0 |
||
| 949 |
_aSA-JeALM _d240925 _umohamedma123 _n1 |
||
| 999 |
_c613 _d613 |
||